000 00795nam a2200217 i 4500
001 11521
003 ES-MaACL
005 20231219062530.0
008 960626s1993 sp ||||1| spa d
080 _a929 Gaos, José
100 1 _aAbellán, José Luis,
_d1933-2023
_9176509
245 1 0 _aJosé Gaos
_b: ¿cómo se adapta un filósofo a la sociedad mexicana? /
_c[José Luis Abellán].
260 _aMadrid :
_bFundación Españoles en el Mundo,
_c1993.
300 _a24 p. :
_bil. ;
_c28 cm.
490 1 _aCuadernos de la Fundación Españoles en el Mundo ;
_v3
600 1 4 _aGaos, José.
_953902
710 1 _aFundación Españoles en el Mundo.
_94290
830 1 _aCuadernos de la Fundación Españoles en el Mundo ;
_v3
_9179150
852 _aES-MaACL
_jL-18933
999 _c11521
_d11521